| 000 | 00613nam a2200169 i 4500 | ||
|---|---|---|---|
| 001 | 52729 | ||
| 003 | ES-MaACL | ||
| 007 | t| | ||
| 008 | 030903s1953 sp ||||1| spa d | ||
| 100 | 1 |
_aCarle, Donald de. _935256 |
|
| 245 | 1 | 3 |
_aEl torno del relojero _b: (tornería mecánica de precisión) / _cDonald de Carle ; traducción direta del original inglés por Federico Armenter de Monasterio. |
| 250 | _a1ª ed. | ||
| 260 |
_aBarcelona : _bJosé Montesó, _c1953 ( _fClarasó) |
||
| 300 |
_aVI, 232 : _bil. ; _c22 cm. |
||
| 700 | 1 |
_aArmentes de Monasterio, Federico. _922960 |
|
| 852 |
_aES-MaACL _jC-6419 _bR.34940 |
||
| 999 |
_c52729 _d52729 |
||